00506nam a2200145Ia 4500008004100000041000800041082001600049100001700065245004400082260004000126300003200166365000900198999001500207952013800222240624s9999 xx 000 0 und d aeng a332.092 MEA aMEANS HOWARD aMONEY AND POWER THE HISTORY OF BUSINESS c2001aNew YorkbJohn Wiley and Sons axiii, : 274 : p. : cm. ; 23 cb35 c8180d8180 00104070aIMTNbIMTNcRack 9-Ad2008-01-23eBUg27.95l1o332.092 MEAp8180r2025-07-13 00:00:00s2025-07-02t39.27w2024-06-24yBK